AEW Dynasty 2024 Card - Statistics

General Stats
  • This quiz has been taken 40 times
  • The average score is 26 of 36
Answer Stats
Answer % Correct
Chris Jericho
97%
Hook
97%
Bryan Danielson
93%
Pac
93%
Swerve Strickland
93%
Cash Wheeler
90%
Dax Harwood
90%
Kazuchika Okada
90%
Matthew Jackson
90%
Nicholas Jackson
90%
Toni Storm
90%
Will Ospreay
90%
Samoa Joe
86%
Julia Hart
83%
Anthony Bowens
79%
Billy Gunn
79%
Max Caster
79%
Willow Nightingale
79%
Austin Gunn
76%
Brody King
76%
Buddy Matthews
76%
Colten Gunn
76%
Malakai Black
76%
Orange Cassidy
76%
Jay White
69%
Roderick Strong
69%
Adam Copeland
59%
Kyle O'Reilly
59%
Mark Briscoe
59%
Thunder Rosa
52%
Eddie Kingston
48%
Katsuyori Shibata
34%
Shane Taylor
34%
Lee Moriarty
24%
Trent Beretta
24%
Matt Sydal
14%
No matching quizzes found
Score Distribution
Percent of People with Each Score
Percentile by Number Answered
Your Score History
You have not taken this quiz